Statistiche per Top 20 Città più popolose non Capoluogo Puglia

Clicka qui per fare il quiz!

Statistiche generali

  • Questo quiz è stato fatto 37 volte
  • Il punteggio medio è 11 su 20

Statistiche sulle risposte

PopolazioneProvinciaCittà% Corretto
70 355BariAltamura
88%
57 080FoggiaCerignola
81%
49 899FoggiaSan Severo
72%
54 214Barletta-Andria-TraniBisceglie
69%
54 433FoggiaManfredonia
66%
57 587BariMolfetta
66%
32 458BrindisiOstuni
66%
53 585BariBitonto
63%
47 191TarantoMartina Franca
56%
42 564BariGravina di Puglia
53%
47 789BariMonopoli
53%
38 457BrindisiFasano
50%
31 952LecceNardò
50%
36 607BrindisiFrancavilla Fontana
47%
47 137BariCorato
44%
31 843TarantoManduria
44%
32 448TarantoMassafra
44%
32 791TarantoGrottaglie
38%
32 679FoggiaLucera
38%
38 344BariModugno
38%

Distribuzione punteggi

Percentile per numero di risposta

Percentuale di utenti per punteggio

I tuoi punteggi nel tempo

Non hai fatto questo quiz